駅名に社名を冠する駅 - Statistics

General Stats
  • This quiz has been taken 25 times
  • The average score is 113 of 160
Answer Stats
事業者 路線 冠する社名など 駅名 % Correct
東武鉄道 日光線 東武 東武日光
90%
名古屋鉄道 名古屋本線 尾西線 名鉄 名鉄一宮
90%
名古屋鉄道 名古屋本線 各務原線 名鉄 名鉄岐阜
90%
名古屋鉄道 名古屋本線 名鉄 名鉄名古屋
90%
近畿日本鉄道 名古屋線 近鉄 近鉄名古屋
90%
近畿日本鉄道 奈良線 近鉄 近鉄奈良
90%
近畿日本鉄道 名古屋線 近鉄 近鉄弥富
90%
東武鉄道 宇都宮線 東武 東武宇都宮
86%
西武鉄道 新宿線 西武 西武新宿
86%
西武鉄道 秩父線 西武 西武秩父
86%
京成電鉄 千葉線 京成 京成千葉
86%
京王電鉄 相模原線 京王 京王多摩センター
86%
京王電鉄 京王線 京王 京王八王子
86%
京急電鉄 京急本線 空港線 京急 京急蒲田
86%
京急電鉄 京急本線大師線 京急 京急川崎
86%
京急電鉄 久里浜線 京急 京急久里浜
86%
東京地下鉄 (東京メトロ) 有楽町線 副都心線 地下鉄 地下鉄赤塚
86%
東京地下鉄(東京メトロ) 有楽町線 副都心線 地下鉄 地下鉄成増
86%
近畿日本鉄道 三岐鉄道 名古屋線 三岐線 近鉄 近鉄富田
86%
近畿日本鉄道 名古屋線 湯の山線 近鉄 近鉄四日市
86%
西日本鉄道 西鉄本線 (大牟田線) 西鉄 西鉄福岡(天神)
86%
西日本鉄道 西鉄本線 (大牟田線)太宰府線 西鉄 西鉄二日市
86%
神戸高速鉄道 (阪神電鉄、阪急電鉄) 東西線(神戸高速線) 高速 高速神戸
86%
富山地方鉄道 地鉄本線 電鉄 電鉄富山
86%
高松琴平電鉄 志度線 琴電 琴電志度
86%
JR西日本 関西本線 JR JR難波
81%
西武鉄道 拝島線 西武 西武立川
81%
京成電鉄 金町線 京成 京成金町
81%
京成電鉄 京成本線 京成 京成佐倉
81%
京成電鉄北総鉄道 京成本線 金町線 成田空港線 北総線 京成 京成高砂
81%
京成電鉄 京成本線 千葉線 松戸線 京成 京成津田沼
81%
京成電鉄 京成本線 東成田線 京成 京成成田
81%
京成電鉄 京成本線 京成 京成船橋
81%
京成電鉄 千葉線 京成 京成幕張
81%
京成電鉄 千葉線 京成 京成幕張本郷
81%
京王電鉄 高尾線 京王 京王片倉
81%
京王電鉄 相模原線 京王 京王永山
81%
小田急電鉄 小田原線 小田急 小田急相模原
81%
小田急電鉄 多摩線 小田急 小田急多摩センター
81%
京急電鉄 京急本線 京急 京急鶴見
81%
近畿日本鉄道 御所線 近鉄 近鉄御所
81%
近畿日本鉄道 京都線 近鉄 近鉄丹波橋
81%
近畿日本鉄道 難波線 近鉄 近鉄日本橋
81%
京阪電鉄 石山坂本線 京阪 京阪石山
81%
京阪電鉄 石山坂本線 京阪 京阪膳所
81%
京阪電鉄 京津線 京阪 京阪山科
81%
西日本鉄道 貝塚線 西鉄 西鉄香椎
81%
西日本鉄道 西鉄本線 (大牟田線) 西鉄 西鉄久留米
81%
山陽電鉄 山電本線 山陽 山陽明石
81%
山陽電鉄 網干線 山陽 山陽網干
81%
山陽電鉄 山電本線 山陽 山陽姫路
81%
東葉高速鉄道 東葉高速線 東葉 東葉勝田台
81%
東京モノレール 羽田線 モノレール モノレール浜松町
81%
伊豆急行 伊豆急行線 伊豆急 伊豆急下田
81%
北越急行 ほくほく線 ほくほく ほくほく大島
81%
富山地方鉄道 地鉄本線 電鉄 電鉄魚津
81%
富山地方鉄道 地鉄本線 電鉄 電鉄黒部
81%
高松琴平電鉄 琴平線 琴電 琴電琴平
81%
JR西日本 東海道本線 (京都線) JR JR総持寺
76%
京成電鉄 千葉線 京成 京成稲毛
76%
京成電鉄 京成本線 京成 京成上野
76%
京成電鉄 京成本線 京成 京成小岩
76%
京成電鉄 京成本線 京成 京成酒々井
76%
京王電鉄 相模原線 京王 京王稲田堤
76%
京王電鉄 相模原線 京王 京王よみうりランド
76%
小田急電鉄 多摩線 小田急 小田急永山
76%
京急電鉄 京急本線 京急 京急新子安
76%
京急電鉄 京急本線 京急 京急東神奈川
76%
近畿日本鉄道 名古屋線 近鉄 近鉄長島
76%
近畿日本鉄道 名古屋線 近鉄 近鉄八田
76%
京阪電鉄 石山坂本線 京阪 京阪大津京
76%
西日本鉄道 西鉄本線 (大牟田線) 西鉄 西鉄小郡
76%
西日本鉄道 貝塚線 西鉄 西鉄千早
76%
西日本鉄道 西鉄本線 (大牟田線) 西鉄 西鉄柳川
76%
神戸高速鉄道(阪神電鉄) 東西線 (神戸高速線) 高速 高速長田
76%
山陽電鉄 山電本線 山陽 山陽須磨
76%
山陽電鉄 山電本線 山陽 山陽垂水
76%
北陸鉄道 浅野川線 北鉄 北鉄金沢
76%
四日市あすなろう鉄道 内部線 あすなろう あすなろう四日市
76%
広島電鉄 広電本線 宮島線 広電 広電西広島(己斐)
76%
JR西日本 おおさか東線 JR JR河内永和
71%
東武鉄道 東上本線 東武 東武練馬
71%
京成電鉄 京成本線 京成 京成大久保
71%
京成電鉄 押上線 京成 京成立石
71%
京成電鉄 京成本線 京成 京成西船
71%
京成電鉄 押上線 京成 京成曳舟
71%
京成電鉄 京成本線 京成 京成八幡
71%
京王電鉄 相模原線 京王 京王多摩川
71%
京急電鉄 京急本線 京急 京急大津
71%
京急電鉄 久里浜線 京急 京急長沢
71%
名古屋鉄道 名古屋本線 名電 名電赤坂
71%
名古屋鉄道 各務原線 名電 名電各務原
71%
近畿日本鉄道 名古屋線 近鉄 近鉄蟹江
71%
近畿日本鉄道 京都線 近鉄 近鉄宮津
71%
岳南鉄道 岳南線 岳南 岳南江尾
71%
京福電鉄 嵐山本線 嵐電 嵐電嵯峨
71%
嵯峨野観光鉄道 嵯峨野観光線(嵯峨野トロッコ) トロッコ トロッコ保津峡
71%
広島電鉄 宮島線 広電 広電宮島口
71%
一畑電車 北松江線 電鉄 電鉄出雲市
71%
JR西日本 奈良線 JR JR藤森
67%
東武鉄道 東上本線 東武 東武竹沢
67%
西武鉄道 新宿線 西武 西武柳沢
67%
京成電鉄 京成本線 京成 京成臼井
67%
京王電鉄 相模原線 京王 京王堀之内
67%
京急電鉄 京急本線 京急 京急田浦
67%
名古屋鉄道 名古屋本線 名電 名電長沢
67%
近畿日本鉄道 橿原線 近鉄 近鉄郡山
67%
近畿日本鉄道 大阪線 近鉄 近鉄下田
67%
近畿日本鉄道 大阪線 近鉄 近鉄八尾
67%
西日本鉄道 貝塚線 西鉄 西鉄新宮
67%
神戸電鉄 有馬線 神鉄 神鉄六甲
67%
山陽電鉄 山電本線 山陽 山陽魚住
67%
嵯峨野観光鉄道 嵯峨野観光線(嵯峨野トロッコ) トロッコ トロッコ嵐山
67%
嵯峨野観光鉄道 嵯峨野観光線(嵯峨野トロッコ) トロッコ トロッコ亀岡
67%
嵯峨野観光鉄道 嵯峨野観光線(嵯峨野トロッコ) トロッコ トロッコ嵯峨
67%
錦川鉄道 錦川清流線 清流 清流新岩国
67%
筑豊電鉄 筑豊電鉄線 筑豊 筑豊直方
67%
JR西日本 おおさか東線 JR JR淡路
62%
京成電鉄 京成本線 京成 京成大和田
62%
京成電鉄 京成本線 京成 京成関屋
62%
京成電鉄 京成本線 京成 京成中山
62%
京急電鉄 京急本線 京急 京急富岡
62%
名古屋鉄道 名古屋本線 名電 名電山中
62%
近畿日本鉄道 御所線 近鉄 近鉄新庄
62%
西日本鉄道 西鉄本線 (大牟田線) 西鉄 西鉄渡瀬
62%
岳南鉄道 岳南線 岳南 岳南富士岡
62%
愛知環状鉄道 愛知環状鉄道線 愛環 愛環梅坪
62%
京福電鉄 嵐山本線 嵐電 嵐電天神川
62%
広島電鉄 宮島線 広電 広電五日市
62%
高松琴平電鉄 志度線 琴電 琴電屋島
62%
JR西日本 おおさか東線 JR JR俊徳道
57%
名古屋鉄道 西尾線 碧海 碧海古井
57%
西日本鉄道 西鉄本線 (大牟田線) 西鉄 西鉄銀水
57%
神戸電鉄 三田線 神鉄 神鉄道場
57%
東京都交通局 荒川線 (早稲田線) 都電 都電雑司ヶ谷
57%
遠州鉄道 鉄道線(西鹿島線) 遠州 遠州小林
57%
広島電鉄 宮島線 広電 広電廿日市
57%
JR西日本 和歌山線 JR JR五位堂
52%
西日本鉄道 太宰府線 西鉄 西鉄五条
52%
山陽電鉄 山電本線 山陽 山陽曽根
52%
山陽電鉄 網干線 山陽 山陽天満
52%
岳南鉄道 岳南線 岳南 岳南原田
52%
遠州鉄道 鉄道線(西鹿島線) 遠州 遠州小松
52%
JR西日本 奈良線 JR JR小倉
48%
JR西日本 おおさか東線 JR JR長瀬
48%
JR西日本 片町線 (学研都市線) JR JR三山木
48%
東武鉄道 伊勢崎線 東武 東武和泉
48%
名古屋鉄道 築港線 名電 名電築港
48%
西日本鉄道 西鉄本線 (大牟田線) 西鉄 西鉄平尾
48%
山陽電鉄 山電本線 山陽 山陽塩屋
48%
遠州鉄道 鉄道線 (西鹿島線) 遠州 遠州岩水寺
48%
遠州鉄道 鉄道線(西鹿島線) 遠州 遠州芝本
48%
JR西日本 おおさか東線 JR JR野江
43%
東武鉄道 日光線 東武 東武金崎
43%
西日本鉄道 西鉄本線 (大牟田線) 西鉄 西鉄中島
43%
富山地方鉄道 地鉄本線 電鉄 電鉄石田
43%
広島電鉄 宮島線 広電 広電阿品
43%
筑豊電鉄 筑豊電鉄線 筑豊 筑豊中間
43%
遠州鉄道 鉄道線(西鹿島線) 遠州 遠州西ヶ崎
33%
筑豊電鉄 筑豊電鉄線 筑豊 筑豊香月
24%
No matching quizzes found
Score Distribution
Percent of People with Each Score
Percentile by Number Answered
Your Score History
You have not taken this quiz